A mulher perfeita (Record no. 2008)

MARC details
000 -Etiqueta do registo
Valores 00720nam a2200265 4500
010 ## - Número ISBN
ISBN 9789897891328
021 ## - Número do Depósito Legal
Código do país Portugal
Número 540950/24
100 ## - Dados gerais de processamento
Dados gerais 20251124d2025 m||y0pory50030103ba
101 ## - Língua de publicação
Língua Português
102 ## - País de publicação
País Portugal
200 ## - Titulo e menção de responsabilidade
Título próprio A mulher perfeita
Primeira menção de responsabilidade J. M. Dalgliesh
Outras menções de responsabilidade trad. Elsa T. S. Vieira
205 ## - Menção da edição
Edição 1ª edição
210 ## - Publicação
Local de publicação Porto
Nome do editor Singular
Data de publicação 2025
215 ## - Descrição física 
Paginação / Volumes 321, [1] p.
Dimensões 24 cm
300 ## - Notas gerais 
Texto da nota BMB-Registado
304 ## - Nota relativa ao título
Texto de nota Tít. orig.: Homewrecker
606 ## - Nome comum usado como assunto
ID Autoridade 824
Palavra de ordem Literatura Inglesa
606 ## - Nome comum usado como assunto
ID Autoridade 778
Palavra de ordem Romance Policial
675 ## - CDU
Notação 821.111-312.4
Edição BMB
Língua por
700 ## - Autor principal (pessoa individual)
Apelido Dalgliesh
Nome J. M.
ID Autoridade 2882
702 ## - Autor secundário (pessoa individual)
Apelido Vieira
Nome Elsa T. S.
Função Tradutor
ID Autoridade 1120
801 ## - Fonte de origem
País PT
Agência BMB
Regras de catalogação RPC
990 ## - Elementos KOHA
Tipo de documento Livro
Holdings
Situação do levantamento Estado Número Biblioteca de origem Código de barras Cota Permissão de empréstimo Tipo de documento Forma de aquisição
    1 Biblioteca Municipal de Borba 1958 821.111-312.4 DAL / MUL   Livro Compra
Biblioteca Municipal de Borba

Powered by Koha